Norma de Descripció Arxivística de Catalunya (NODAC) 2007 / Àngels Bernal Cercós ... [et al.]
ISBN:
84-393-7445-9
Publicado:
Barcelona :
Generalitat de Catalunya. Departament de Cultura i Mitjans de Comunicació ,
2006
Descripción Física:
284 p. ; 30 cm
Colección:
Arxivística i gestió documental. Eines ; 1
Otros Autores:
Bernal i Cercós, Àngels
MARC
| LEADER | 00000nam a2200000Ia 4500 | ||
|---|---|---|---|
| 001 | 19068 | ||
| 008 | 160829s2006 xx 000 0 cat d | ||
| 020 | |a 84-393-7445-9 | ||
| 080 | |a Sala Tècnica | ||
| 245 | |a Norma de Descripció Arxivística de Catalunya (NODAC) 2007 / Àngels Bernal Cercós ... [et al.] | ||
| 260 | |a Barcelona : |b Generalitat de Catalunya. Departament de Cultura i Mitjans de Comunicació, |c 2006 | ||
| 300 | |a 284 p. ; |c 30 cm | ||
| 490 | |a Arxivística i gestió documental. Eines ; 1 | ||
| 590 | |a A la part superior de la portada: Direcció General del Patrimoni Cultural, Subdirecció General d'Arxius | ||
| 650 | |a Catalogació de material d'arxiu |x Normes |x Catalunya |9 44816 | ||
| 700 | 1 | |a Bernal i Cercós, Àngels |9 36011 | |
| 710 | 1 | |a Catalunya. |b Subdirecció General d'Arxius |9 53471 | |
| 710 | 1 | |a Catalunya. |b Departament de Cultura i Mitjans de Comunicació |9 55890 | |
| 901 | |a Arxiu | ||
| 942 | |n 1 | ||
| 952 | |0 0 |1 0 |4 0 |6 SALA_TÈCNICA |7 1 |9 52184 |a Arxiu |b Arxiu |d 2016-12-01 |l 0 |o Sala Tècnica |p 19068 |r 2016-12-01 00:00:00 |w 2016-12-01 |y ARXIU | ||
| 999 | |c 56032 |d 56032 | ||